000 00921cam a2200325Ia 4500
001 74608
005 20230410123921.0
008 860513s1985 mx b 000 0 spa d
035 _a(OCoLC)ocm13563332
040 _aIBV
_cIBV
_dEL$
_dDRB
020 _a9681203151
020 _a9789681203153
035 _a(OCoLC)13563332
043 _an-mx---
049 _aGRAL
050 1 4 _aLA 421
_bK75e 1985
100 1 _aKobayashi, José María.
245 1 3 _aLa educación como conquista :
_bempresa franciscana en México /
_cJosé María Kobayashi.
250 _a2a ed.
260 _aMéxico :
_bEl Colegio de México,
_c1985.
300 _a295 p. ;
_c22 cm.
504 _aBibliography: p. 289-295.
650 0 _aEducation
_zMexico
_xHistory.
651 0 _aMexico
_xIntellectual life.
650 4 _aEducación
_zMéxico
650 4 _aMisiones
_zMéxico
942 _2lcc
_cbk
994 _aC0
_bDRFGD
946 _aLD
999 _c68171
_d68171